00460cam a2200157ua 45000010006000000050017000060080039000230400009000620820013000711000030000842450066001142500021001802600047002013000010002486530044002581225820260515114845.0200819n ii |||gr||||Z||||||eng cMAIN a891.4513 aHomen Bargohain,eEditor. aAsomiya galpa sankalan : bVol I / cEd by Homen Bargohain .  a4th ed. / bV.I. aGuwahati:bPublication board assam,c2014. a290p. aEast Indo-European & Celtic literatures